Understanding Global Crises (Record no. 36739)

MARC details
000 -LEADER
fixed length control field 00517nam a2200181Ia 4500
020 ## - INTERNATIONAL STANDARD BOOK NUMBER
ISBN 9781032315027
050 ## - CALL MARK
Classification number HD 82 .S26/
100 ## - STATEMENT OF RESPONSIBILITY--MAIN AUTHOR NAME
Personal name Sadler, Thomas R.
245 #0 - TITLE STATEMENT
Title Understanding Global Crises
260 ## - PUBLICATION, DISTRIBUTION, ETC. (IMPRINT)
Place of publication New York
260 ## - PUBLICATION, DISTRIBUTION, ETC. (IMPRINT)
Name of publisher Routledge
260 ## - PUBLICATION, DISTRIBUTION, ETC. (IMPRINT)
Year of publication 2023
300 ## - PHYSICAL DESCRIPTION
Number of Pages Xiii, 255p.: ill.
650 ## - SUBJECT ADDED ENTRY--TOPICAL TERM
Topical Term Economic development. Regional disparities. Environmental policy. COVID-19 Pandemic, 2020---Influence.
942 ## - ADDED ENTRY ELEMENTS (KOHA)
Koha item type Books
Holdings
Withdrawn status Lost status Source of classification or shelving scheme Damaged status Not for loan Permanent Location Current Location Date acquired Accession Number Price effective from Koha item type
    Library of Congress Classification     NILE UNIVERSITY OF NIGERIA - MAIN LIBRARY NILE UNIVERSITY OF NIGERIA - MAIN LIBRARY 04/23/2025 0198297 04/23/2025 Books